Brandenburg concerto : no. 1, F major, BWV 1046 /

Bibliographic Details
Main Author: Bach, Johann Sebastian, 1685-1750
Format: Musical Score Book
Published: London : New York : E. Eulenburg ; Edition Eulenburg, [1976]
Subjects:

MARC

Tag First Indicator Second Indicator Subfields
LEADER 00000ccm a2200000 i 4500
001 in00001407094
005 20151020073125.0
008 820623s1976 enkcgb hi n N/A
010 |a  77770432  
028 2 0 |a E.E. 3311  |b Eulenburg 
028 3 0 |a 280  |b Edition Eulenburg 
035 |a (OCoLC)08544372 
035 |9 AHQ4066AM 
040 |a DLC  |c IEA  |d CPL  |d TXA  |d UtOrBLW 
041 0 |g eng  |g ger 
045 |a v2v2 
048 |b ba02  |b wb03  |b sz01  |a oc 
049 |a TXAM 
050 0 |a M1040  |b .B22 no. 1 1976 
090 |a M1040.B13  |b no.1 1976 
100 1 |a Bach, Johann Sebastian,  |d 1685-1750. 
240 1 0 |a Brandenburgische Konzerte.  |n Nr. 1 
245 1 0 |a Brandenburg concerto :  |b no. 1, F major, BWV 1046 /  |c Johann Sebastian Bach ; foreword by Roger Fiske. 
264 1 |a London :  |b E. Eulenburg ;  |a New York :  |b Edition Eulenburg,  |c [1976] 
264 4 |c ©1976 
300 |a xi pages, miniature score (40 pages) ;  |c 19 cm. 
336 |a notated music  |b ntm  |2 rdacontent 
337 |a unmediated  |b n  |2 rdamedia 
338 |a volume  |b nc  |2 rdacarrier 
500 |a "Edition Eulenburg, number 280." 
500 |a Concertino: 2 horns, 3 oboes, and violino piccolo. 
650 0 |a Concerti grossi  |v Scores. 
948 |a c:jlg 
999 |a MARS 
999 f f |s a013b556-871d-31a8-8d36-f53de2c611c9  |i 9394577b-5d22-3d3d-9586-2c7380d6e676  |t 0 
952 f f |p ric  |a Texas A&M University  |b Rellis Campus  |c Joint Library Facility  |d Remote Storage  |t 0  |e M1040.B13 no.1 1976  |h Library of Congress classification  |i unmediated -- volume  |m A14823305507 
998 f f |a M1040.B13 no.1 1976  |t 0  |l Remote Storage